| 000 | 01223cam a22003497a 4500 | ||
|---|---|---|---|
| 001 | 000007817 | ||
| 003 | CHAP | ||
| 005 | 20220329133541.0 | ||
| 008 | 971013s1993 r 00010 d | ||
| 010 | _a7758 | ||
| 011 | _a8730 | ||
| 035 | _a7960 | ||
| 040 | _cCHAP | ||
| 082 | 0 | 4 |
_a637 _bV5 |
| 100 | 0 | 0 |
_aVillegas de Gante, Abraham. _9119748 |
| 245 | 1 | 4 | _aLos quesos mexicanos. |
| 260 |
_aChapingo, Méx. : _bUACH. Centro de Investigaciones Económicas, Sociales y Tecnológicas de la Agroindustria y de la Agricultura Mundial, _c1993. |
||
| 300 |
_a251 p. : _b: ilus. |
||
| 590 |
_aBATCH-UPD _b10 _c20130110 _lUCH01 _h1111 |
||
| 590 |
_aCONVERSION _b10 _c20130109 _lUCH01 _h1305 |
||
| 590 |
_aE5995AHE _b05 _c20150326 _lUCH01 _h0916 |
||
| 650 | 1 | 4 |
_aQueso. _993221 |
| 650 | 1 | 4 |
_aQueso _xProcesado. _993233 |
| 901 | _aBK | ||
| 942 | _cLIBRO | ||
| 942 | _n0 | ||
| 949 |
_a637 V5 _bBC _cLIBRO _d33724000763546 _eLIBRO _h84400 _i7960 _mD _si |
||
| 949 |
_a637 V5 _bBC _cLIBRO _d33724002204900 _eLIBRO _fc.2 _h84401 _i7960 _mD _si |
||
| 949 |
_a637 V5 _bBC _cUACH _d-17980 _eUACH _fc.3 _h84402 _i7960 _mD _si |
||
| 949 |
_a637 V5 _bCIESTAM _cLIBRO _d79601 _eLIBRO _h198 _i7960 _sb |
||
| 949 |
_a637 V5 _bCIESTAM _cLIBRO _d79602 _eLIBRO _fc.2 _h199 _i7960 _sb |
||
| 999 |
_c7758 _d7758 |
||